EDM Artists - Statistics

General Stats
  • This quiz has been taken 824 times
  • The average score is 8 of 12
Answer Stats
Hint Answer % Correct
Creator of the mega hit "animals." Martin Garrix
93%
Swedish producer and DJ known for "Levels' Avicii
92%
French DJ and producer. David Guetta
74%
Dutch DJ known for being a long time in the scene. DJ Tiesto
71%
Dutch producer who has the podcast "a state of trance.' Armin van Buuren
70%
American producer of dubstep who has a latin name. Skrillex
69%
DJ known for throwing pies in the crowd. Steve Aoki
64%
Producer from the UK who was dating Taylor Swift in 2015. Calvin Harris
62%
Founder of revealed records and DJ mags number one of 2014. Hardwell
52%
Belgian duo (two brothers) with a lot of bigroom hits. Dimitri Vegas & Like Mike
45%
This producer has the capital of Germany in its name. Dash Berlin
39%
Creator of the Deep House track "koala" Oliver Heldens
37%
No matching quizzes found
Score Distribution
Percent of People with Each Score
Percentile by Number Answered
Your Score History
You have not taken this quiz